00474 2200181 4500001002100000005001500021035002000036245007100056100001200127250000600139300003400145260004500179082000800224084001400232020002200246600001200268990001200280INLIS00000000000336420260211123549 a0010-02260000301 aBUDIDAYA DAN MANFAAT :bKecubung, Jengger Ayam dan Kana /cKardono0 aKardono a1 a54 hlm :bs ;c17,5 x 24,5 cm aJakarta :bPT. Armandelta Selaras,c2010 a630 a630 KAR b a978-979-050-080-8 4aKardono a0750955